Southville International School and Colleges
Your cart is empty.
  • Cart
  • Lists
    Public lists Eva Luna New books Lux_list list_1
    Your lists Log in to create your own lists
  • Log in to your account
  • Your cookies
  • Search history
Southville International School and Colleges
  • Advanced search
  • Recent comments
  • Most popular
  • Libraries

Log in to your account

Log in with GOOGLE


If you do not have an external account, but do have a local account, you can still log in:

  1. Home
  2. MARC view: What is the world made of? :
Normal view MARC view ISBD view

What is the world made of? : (Record no. 368810)

[ view plain ]
MARC details
000 -LEADER
fixed length control field 00661nam a22001817a 4500
003 - CONTROL NUMBER IDENTIFIER
control field 0
005 - DATE AND TIME OF LATEST TRANSACTION
control field 20260205123704.0
008 - FIXED-LENGTH DATA ELEMENTS--GENERAL INFORMATION
fixed length control field 260205b xxu||||| |||| 00| 0 eng d
020 ## - INTERNATIONAL STANDARD BOOK NUMBER
International Standard Book Number 978-0-06-238195-8
050 ## - LIBRARY OF CONGRESS CALL NUMBER
Classification number TR 530.4
Item number Wha551 2015
082 ## - DEWEY DECIMAL CLASSIFICATION NUMBER
Classification number TR 530.4
Item number Wha551 2015
100 ## - MAIN ENTRY--PERSONAL NAME
Personal name Zoehfeld, Kathleen Weidner
245 ## - TITLE STATEMENT
Title What is the world made of? :
Remainder of title all about solids, liquids, and gases /
Statement of responsibility, etc Kathleen Weidner Zoehfeld; illustrated by Paul Meisel.
260 ## - PUBLICATION, DISTRIBUTION, ETC. (IMPRINT)
Place of publication, distribution, etc New York, NY :
Name of publisher, distributor, etc HarperCollins Children's Books,
Date of publication, distribution, etc 2015.
300 ## - PHYSICAL DESCRIPTION
Extent 32 pages :
Other physical details colored illustrations ;
Dimensions 21 cm.
650 ## - SUBJECT ADDED ENTRY--TOPICAL TERM
Topical term or geographic name as entry element Matter
Form subdivision Constitution
General subdivision Juvenile literature.
942 ## - ADDED ENTRY ELEMENTS (KOHA)
Source of classification or shelving scheme Dewey Decimal Classification
Koha item type Books
Holdings
Withdrawn status Lost status Source of classification or shelving scheme Damaged status Home library Current library Shelving location Date acquired Source of acquisition Sub Shelving location Total Checkouts Full call number Barcode Date last seen Price effective from Koha item type
    Dewey Decimal Classification   Munich Library Munich Library Teachers Reference Section 02/05/2026 Library Fund     TR 530.4 Wha551 2015 M9195 02/05/2026 02/05/2026 Books

What is the world made of? :

APA

Zoehfeld K. W., . (2015). What is the world made of?. New York, NY: HarperCollins Children's Books.

Chicago

Zoehfeld Kathleen Weidner, . 2015. What is the world made of?. New York, NY: HarperCollins Children's Books.

Harvard

Zoehfeld K. W., . (2015). What is the world made of?. New York, NY: HarperCollins Children's Books.

MLA

Zoehfeld Kathleen Weidner, . What is the world made of?. New York, NY: HarperCollins Children's Books. 2015.

  • Place hold
  • Print
  • Cite
  • Add to your cart (remove)
  • Save record
    BIBTEX Dublin Core MARCXML MARC (non-Unicode/MARC-8) MARC (Unicode/UTF-8) MARC (Unicode/UTF-8, Standard) MODS (XML) RIS
  • More searches
    Search for this title in:
    Other Libraries (WorldCat) Other Databases (Google Scholar) Online Stores (Bookfinder.com) Open Library (openlibrary.org)

Exporting to Dublin Core...

SOUTHVILLE LIBRARY

Southville International School and Colleges Library

1281 Tropical Ave. Cor. Luxembourg St., BF Homes International, Las Pinas City

Tel. No. 8256374 / 252358 Loc. 117/146

Powered by Koha